00555 2200181 4500001002100000005001500021035002000036007000300056008004100059020002200100082001300122084001900135100001800154245007900172260006500251300004200316650001500358INLIS00000000000021620231031083006 a0010-1023000152ta231031 g 0 ind  a978-602-8475-06-8 a636.01.5 a636.01.5 ISM k0 aIsmedh Inounu1 aKomuditas Trategis Penelitian dan Pengembangan Peternakan /cIsmedh Inounu aBogor :bPusat Penelitian dan Pengembangan Peternakan,c2009 avi, 14 hlm, :bilus, ;c16 cm x 24 cm 4aPeternakan